Bad news for squatters (Record no. 75900)
[ view plain ]
| 000 -LEADER | |
|---|---|
| fixed length control field | 01672cab a2200253 4500 |
| 001 - CONTROL NUMBER | |
| control field | L130999 |
| 008 - FIXED-LENGTH DATA ELEMENTS--GENERAL INFORMATION | |
| fixed length control field | 050920n2005 000 0 eng u |
| 035 ## - SYSTEM CONTROL NUMBER | |
| System control number | (Sirsi) u130999 |
| 041 0# - LANGUAGE CODE | |
| Language code of text/sound track or separate title | eng |
| 100 1# - MAIN ENTRY--PERSONAL NAME | |
| Personal name | Murdoch, Sandi |
| 245 ## - TITLE STATEMENT | |
| Title | Bad news for squatters |
| 260 ## - PUBLICATION, DISTRIBUTION, ETC. | |
| Date of publication, distribution, etc. | 2005 |
| 490 ## - SERIES STATEMENT | |
| Series statement | Estates Gazette |
| Volume/sequential designation | (0536) 10 September 2005, 277(1) |
| 520 ## - SUMMARY, ETC. | |
| Summary, etc. | Discusses "Beaulane Properties Ltd v Palmer" ([2005] EWHC 1460 (Ch), L129526) which radically changes the law of adverse possession but only in respect of claims to registered land completed within a limited timeframe. Makes the following key points: the Human Rights Act 1988 must be considered where a squatter has completed the required period of possession after 1 October 2000; the meaning of adverse possession has altered where adverse possession of registered land was completed after 1 October 2000 and before 13 October 2003; the post-2003 Land Registration Rules on squatters' rights are unlikely to be affected and squatters claims to unregistered land remain unaffected for the time being. "Beaulane" does not apply to claims where the period of adverse possession was completed prior to 2 October 2000 nor to unregistered land. "Beaulane" may be appealed. |
| 590 ## - LOCAL NOTE (RLIN) | |
| Local note | IKA270905 |
| 650 ## - SUBJECT ADDED ENTRY--TOPICAL TERM | |
| Topical term or geographic name entry element | LAND REGISTRATION ACT 2002 |
| 650 ## - SUBJECT ADDED ENTRY--TOPICAL TERM | |
| Topical term or geographic name entry element | J A PYE (OXFORD) LTD V GRAHAM |
| 650 ## - SUBJECT ADDED ENTRY--TOPICAL TERM | |
| Topical term or geographic name entry element | BEAULANE PROPERTIES LTD V PALMER |
| 650 ## - SUBJECT ADDED ENTRY--TOPICAL TERM | |
| Topical term or geographic name entry element | HUMAN RIGHTS ACT 1998 |
| 650 ## - SUBJECT ADDED ENTRY--TOPICAL TERM | |
| Topical term or geographic name entry element | LAND REGISTRATION ACT 1925 S73 |
| 690 ## - LOCAL SUBJECT ADDED ENTRY--TOPICAL TERM (OCLC, RLIN) | |
| Topical term or geographic name as entry element | PROPERTY-PROPERTY ACQUISITION AND DISPOSAL |
| 856 41 - ELECTRONIC LOCATION AND ACCESS | |
| Uniform Resource Identifier | <a href="https://www.bailii.org/ew/cases/EWHC/Ch/2005/817.html">https://www.bailii.org/ew/cases/EWHC/Ch/2005/817.html</a> |
| Public note | View the judgment free of charge at www.rics.org... |
| 942 ## - ADDED ENTRY ELEMENTS (KOHA) | |
| Suppress in OPAC | 0 |
| Withdrawn status | Lost status | Source of classification or shelving scheme | Damaged status | Not for loan | Home library | Current library | Shelving location | Date acquired | Total Checkouts | Full call number | Barcode | Date last seen | Copy number | Price effective from | Koha item type |
|---|---|---|---|---|---|---|---|---|---|---|---|---|---|---|---|
| Dewey Decimal Classification | London | London | Journal article | 20/09/2005 | L130999 | 130999-1001 | 06/08/2019 | 1 | 06/08/2019 | Journal article |